Statistiken für Länder mit Grenzen in 90 Sekunden

Klicken Sie hier um das Quiz zu spielen!

Allgemein

  • Dieses Quiz wurde 287.640 mal gespielt
  • Das Durchschnittsergebnis liegt bei 105 aus 157

Antworten auf der Karte

Die Antworten werden auf der Karte rot bzw. grün angezeigt, abhängig davon wie oft sie richtig erraten wurden.
 

Antwortstatistiken

Land% Korrekt
Frankreich
98%
China
96%
Deutschland
96%
Polen
96%
Russland
96%
Vereinigte Staaten
96%
Kanada
95%
Kasachstan
95%
Mexiko
95%
Mongolei
94%
Schweiz
94%
Brasilien
93%
Nordkorea
93%
Finnland
92%
Norwegen
92%
Österreich
92%
Ukraine
92%
Argentinien
91%
Belarus
91%
Bolivien
91%
Pakistan
91%
Indien
90%
Peru
90%
Aserbaidschan
89%
Kolumbien
89%
Myanmar
89%
Tschechien
89%
Belgien
88%
Bhutan
88%
Dänemark
88%
Nepal
88%
Niederlande
88%
Paraguay
88%
Litauen
87%
Luxemburg
87%
Libyen
86%
Suriname
86%
Lettland
85%
Spanien
85%
Uruguay
85%
Venezuela
85%
Algerien
83%
Estland
83%
Georgien
83%
Guyana
82%
Irak
82%
Marokko
80%
Türkei
80%
Niger
79%
Sudan
79%
Mali
78%
Namibia
78%
Südafrika
78%
Afghanistan
77%
Botswana
77%
Chile
76%
Iran
76%
Italien
76%
Südsudan
76%
Zentralafrikanische
Republik
76%
Burkina Faso
74%
Demokratische
Republik Kongo
74%
Kamerun
74%
Sambia
74%
Saudi-Arabien
74%
Simbabwe
74%
Tschad
74%
Vereinigtes
Königreich
74%
Mosambik
73%
Bulgarien
72%
Laos
72%
Tansania
72%
Mauretanien
71%
Slowenien
71%
Uganda
71%
Ungarn
71%
Angola
70%
Jordanien
70%
Portugal
70%
Republik Kongo
70%
Oman
69%
Ägypten
68%
Armenien
68%
Eswatini
68%
Serbien
68%
Jemen
67%
Lesotho
67%
Rumänien
67%
Vereinigte Arabische
Emirate
66%
Kuwait
65%
Ruanda
65%
Schweden
65%
Vietnam
65%
Andorra
64%
Äthiopien
64%
Burundi
63%
Gabun
63%
Nigeria
63%
Griechenland
62%
Tadschikistan
62%
Bangladesch
61%
Kirgisistan
61%
Katar
60%
Malaysia
60%
Sri Lanka
60%
Turkmenistan
60%
Elfenbeinküste
59%
Montenegro
59%
Nordmazedonien
59%
Kroatien
58%
Syrien
58%
Indonesien
57%
Kenia
57%
San Marino
57%
Vatikanstadt
57%
Benin
56%
Guatemala
55%
Guinea
55%
Costa Rica
54%
Papua-Neuguinea
54%
Panama
53%
Somalia
52%
Bosnien und
Herzegowina
51%
Irland
51%
Ghana
50%
Israel
50%
Osttimor
50%
Senegal
50%
Ecuador
49%
Slowakei
49%
Thailand
49%
Kambodscha
48%
Eritrea
46%
Honduras
46%
Kosovo
46%
Togo
46%
Albanien
45%
Nicaragua
45%
Dschibuti
44%
Tunesien
44%
Belize
43%
Moldawien
40%
Usbekistan
39%
El Salvador
38%
Liberia
33%
Dominikanische
Republik
29%
Haiti
29%
Malawi
24%
Sierra Leone
24%
Guinea-Bissau
23%
Libanon
23%
Südkorea
23%
Monaco
18%
Gambia
17%
Liechtenstein
17%
Äquatorial-Guinea
14%
Brunei
10%

Verteilung der Resultate

Perzentil nach korrekt beantworteten Fragen

Anzahl Personen mit jedem Resultat

Ihre Resultats-Entwicklung

Sie haben dieses Quiz noch nicht gespielt